[Event "Heusenstamm Sparkassen op U14 7th"]
[Site "Heusenstamm"]
[Date "2021.11.21"]
[Round "6.17"]
[White "Biallas, Flynn"]
[Black "Dietrich, Fabian"]
[Result "1-0"]
[WhiteElo "832"]
[BlackElo "1248"]
[PlyCount "69"]
[EventDate "2021.11.19"]
[EventType "swiss"]
[EventRounds "7"]
[EventCountry "GER"]
[SourceTitle "EXT 2023"]
[Source "ChessBase"]
[SourceDate "2022.10.05"]
[SourceVersion "1"]
[SourceVersionDate "2022.10.05"]
[SourceQuality "1"]

1. e4 e5 2. Nf3 Nc6 3. Bc4 Bc5 4. b4 Bxb4 5. c3 Bc5 6. d4 exd4 7. 0-0 Nge7 8. cxd4 Bb4 9. Qb3 Na5 10. Qxb4 Nxc4 11. Qxc4 0-0 12. Nc3 Ng6 13. Bg5 Qe8 14. Qxc7 f6 15. Qc4+ Kh8 16. Bc1 d6 17. Re1 Bg4 18. Re3 Qd7 19. Ba3 Rfe8 20. Qd5 Rad8 21. Rb1 b6 22. Qb5 Qf7 23. Qc6 Qe6 24. d5 Qe7 25. Nb5 Bxf3 26. Rxf3 Qxe4 27. Rf1 Nh4 28. Nxd6 Nxf3+ 29. gxf3 Qg6+ 30. Kh1 Re2 31. Qc7 Rxd6 32. Qxd6 h5 33. Rg1 Qf5 34. Qf8+ Kh7 35. Qxg7# 1-0

[Event "Heusenstamm Sparkassen op U14 7th"]
[Site "Heusenstamm"]
[Date "2021.11.20"]
[Round "4.20"]
[White "Biallas, Flynn"]
[Black "Englert, Ann"]
[Result "0-1"]
[WhiteElo "832"]
[BlackElo "992"]
[PlyCount "74"]
[EventDate "2021.11.19"]
[EventType "swiss"]
[EventRounds "7"]
[EventCountry "GER"]
[SourceTitle "EXT 2023"]
[Source "ChessBase"]
[SourceDate "2022.10.05"]
[SourceVersion "1"]
[SourceVersionDate "2022.10.05"]
[SourceQuality "1"]

1. e4 c5 2. Nf3 Nc6 3. Nc3 g6 4. Bc4 Bg7 5. d3 d6 6. 0-0 Nf6 7. d4 0-0 8. d5 Na5 9. b3 Nxc4 10. bxc4 e6 11. Bg5 Qa5 12. Qd2 exd5 13. cxd5 Re8 14. Bxf6 Bxf6 15. Ne2 Qxd2 16. Nxd2 Bxa1 17. Rxa1 b6 18. Nf4 Ba6 19. Re1 Re5 20. Nf3 Re7 21. h4 Rae8 22. Ng5 h6 23. Nf3 Rxe4 24. Rxe4 Rxe4 25. g3 b5 26. h5 g5 27. Ng2 Rc4 28. Nd2 Rxc2 29. Ne4 c4 30. Nf6+ Kg7 31. Nd7 Rd2 32. Ne3 c3 33. Nf5+ Kh7 34. Nf6+ Kh8 35. Nxd6 c2 36. Nxf7+ Kg7 37. Ne8+ Kxf7 0-1

[Event "Heusenstamm Sparkassen op U14 7th"]
[Site "Heusenstamm"]
[Date "2021.11.20"]
[Round "3.18"]
[White "Neininger, Pascal"]
[Black "Biallas, Flynn"]
[Result "1-0"]
[WhiteElo "1036"]
[BlackElo "832"]
[PlyCount "71"]
[EventDate "2021.11.19"]
[EventType "swiss"]
[EventRounds "7"]
[EventCountry "GER"]
[SourceTitle "EXT 2023"]
[Source "ChessBase"]
[SourceDate "2022.10.05"]
[SourceVersion "1"]
[SourceVersionDate "2022.10.05"]
[SourceQuality "1"]

1. e4 e5 2. Nf3 Nc6 3. d4 exd4 4. Bc4 Be7 5. Nxd4 Nxd4 6. Qxd4 Nf6 7. e5 Ng8 8. Qf4 d5 9. e6 Bxe6 10. Bb5+ c6 11. Bd3 Nf6 12. 0-0 Bd6 13. Qf3 Qc7 14. g3 0-0-0 15. Qe3 Bh3 16. Re1 Rde8 17. Qd2 Rxe1+ 18. Qxe1 Qe7 19. Qxe7 Bxe7 20. Be3 b6 21. a4 Kb7 22. a5 b5 23. a6+ Ka8 24. b3 Ng4 25. Bd4 Bf6 26. Bxf6 gxf6 27. c4 Re8 28. Nd2 bxc4 29. bxc4 h6 30. cxd5 cxd5 31. Nb3 Ne5 32. Bb5 Nf3+ 33. Kh1 Re5 34. Nc5 d4 35. Bc6+ Kb8 36. Nd7+ 1-0

[Event "Heusenstamm Sparkassen op U14 6th"]
[Site "Heusenstamm"]
[Date "2019.11.24"]
[Round "7"]
[White "Jelinek, Tim F"]
[Black "Biallas, Flynn"]
[Result "1-0"]
[WhiteElo "1224"]
[BlackElo "953"]
[PlyCount "115"]
[EventDate "2019.11.21"]
[EventType "swiss"]
[EventRounds "7"]
[EventCountry "GER"]
[SourceTitle "CBM 194 Extra"]
[Source "ChessBase"]
[SourceDate "2020.03.31"]
[SourceVersion "1"]
[SourceVersionDate "2020.03.31"]
[SourceQuality "1"]

1. d4 d5 2. Bf4 Nc6 3. e3 Nf6 4. Nc3 Bf5 5. a3 Ne4 6. Nb5 e5 7. Bxe5 Nxe5 8. dxe5 Bc5 9. Bd3 0-0 10. Qf3 Re8 11. Qxf5 Nf6 12. 0-0-0 Qd7 13. Qxd7 Nxd7 14. Bf5 Rad8 15. Nxc7 Nxe5 16. Rxd5 Rxd5 17. Nxd5 Rd8 18. Be4 f5 19. Bxf5 Nf7 20. Nc3 Rd6 21. Nf3 Rf6 22. Bg4 Rg6 23. Bh3 h6 24. Ne4 Bb6 25. Rd1 Ng5 26. Bf5 Rc6 27. Nfxg5 hxg5 28. Nxg5 Rc5 29. e4 g6 30. Be6+ Kg7 31. Nf3 Rc6 32. Bf7 Kxf7 33. Ne5+ Ke6 34. Nxc6 bxc6 35. f4 Be3+ 36. Kb1 Bxf4 37. h3 g5 38. Rf1 Be5 39. Rf5 Kd6 40. Rxg5 Bf6 41. Ra5 Ke6 42. Rxa7 Be5 43. Ra8 Ke7 44. a4 Kd7 45. a5 Kc7 46. Re8 Bd4 47. c3 Bf2 48. Re7+ Kb8 49. g4 Bg3 50. g5 Bh4 51. Re8+ Kc7 52. g6 Kd6 53. g7 Kc5 54. b4+ Kc4 55. Kc2 Kb5 56. g8Q Be7 57. Rb8+ Ka4 58. Qa2# 1-0

[Event "Heusenstamm Sparkassen op U14 6th"]
[Site "Heusenstamm"]
[Date "2019.11.22"]
[Round "1"]
[White "Jumah, Shayan"]
[Black "Biallas, Flynn"]
[Result "1-0"]
[WhiteElo "1249"]
[BlackElo "953"]
[PlyCount "109"]
[EventDate "2019.11.21"]
[EventType "swiss"]
[EventRounds "7"]
[EventCountry "GER"]
[SourceTitle "CBM 194 Extra"]
[Source "ChessBase"]
[SourceDate "2020.03.31"]
[SourceVersion "1"]
[SourceVersionDate "2020.03.31"]
[SourceQuality "1"]

1. e4 e5 2. Nf3 Nc6 3. Bb5 Bc5 4. 0-0 Nf6 5. Re1 0-0 6. d3 d6 7. Bg5 h6 8. Bh4 Bg4 9. h3 Bxf3 10. Qxf3 Nd4 11. Qd1 c6 12. Bc4 Rc8 13. c3 Ne6 14. b4 Bb6 15. Qb3 Nf4 16. Nd2 Ng6 17. Nf3 Nxh4 18. Nxh4 Nh5 19. Nf3 Qf6 20. d4 c5 21. dxe5 dxe5 22. b5 Qg6 23. Nh4 Qg5 24. Nf3 Qf6 25. Re3 Nf4 26. g3 Nxh3+ 27. Kg2 Ng5 28. Nxg5 Qxg5 29. Rf3 Rcd8 30. Bxf7+ Kh8 31. Rf5 Qg4 32. Bh5 Qxe4+ 33. Rf3 g6 34. Bxg6 Qxf3+ 35. Kh3 Rd6 36. Qc2 Rff6 37. Be4 Qh5+ 38. Kg2 c4 39. Rh1 Qf7 40. f3 h5 41. g4 Rh6 42. g5 Rhe6 43. Bf5 Re8 44. g6 Qf6 45. Rxh5+ Kg7 46. Rh7+ Kf8 47. g7+ Ke7 48. g8Q+ Kd8 49. Qg4 Rd7 50. Rxd7+ Kc8 51. Rf7+ Kb8 52. Rxf6 Ka8 53. Rxb6 e4 54. Qcxe4 Rd8 55. Qxb7# 1-0